Cơ sở nghiên cứu và sáng tạo robot

Uloženo v:
Podrobná bibliografie
Médium: Kniha
Jazyk:Undetermined
Vydáno: H. Thống Kê 2003
Témata:
Tagy: Přidat tag
Žádné tagy, Buďte první, kdo otaguje tento záznam!
Thư viện lưu trữ: Trung tâm Học liệu Trường Đại học Cần Thơ
LEADER 00476nam a2200169Ia 4500
001 CTU_53572
008 210402s9999 xx 000 0 und d
020 |b 50000 
082 |a 629.892 
082 |b C460 
245 0 |a Cơ sở nghiên cứu và sáng tạo robot 
245 0 |c Biên dịch Trần Thế San 
260 |a H. 
260 |b Thống Kê 
260 |c 2003 
650 |a robots,automation 
980 |a Trung tâm Học liệu Trường Đại học Cần Thơ